Combatants and civilians in revolutionary Ireland, 1918-1923 /

This book is based on original research into intimidation and violence directed at civilians by combatants during the revolutionary in Ireland, considering this from the perspectives of the British, the Free State and the IRA. It combines qualitative and quantitative approaches and focuses on County...

Full description

Bibliographic Details
Main Author: Earls FitzGerald, Thomas, 1989- (Author)
Format: Book
Language:English
Published: London ; New York : Routledge, 2021.
Series:Routledge studies in modern history ; 82.
Subjects:

MARC

Tag First Indicator Second Indicator Subfields
LEADER 00000cam a2200000 i 4500
001 in00004444813
005 20210712082409.0
008 201109s2021 enk b 001 0 eng
010 |a  2020047333 
035 |a (OCoLC)on1201671493 
040 |a DLC  |e rda  |c DLC 
020 |a 9780367333522  |q hardcover 
020 |a 036733352X  |q hardcover 
020 |z 9780429319341  |q electronic book 
020 |z 9781000370461  |q electronic publication 
020 |z 9781000370423  |q electronic book 
043 |a e-ie--- 
050 0 0 |a DA962  |b .E2145 2021 
082 0 0 |a 941.5082/1  |2 23 
049 |a TXAM 
100 1 |a Earls FitzGerald, Thomas,  |d 1989-  |e author. 
245 1 0 |a Combatants and civilians in revolutionary Ireland, 1918-1923 /  |c Thomas Earls FitzGerald. 
264 1 |a London ;  |a New York :  |b Routledge,  |c 2021. 
300 |a xvii, 256 pages ;  |c 25 cm. 
336 |a text  |b txt  |2 rdacontent 
337 |a unmediated  |b n  |2 rdamedia 
338 |a volume  |b nc  |2 rdacarrier 
490 1 |a Routledge studies in modern history ;  |v 82 
504 |a Includes bibliographical references (pages [237]-246) and index. 
505 0 |a Fond memories, location, and hostility : the role of civilians in Republican testimony, 1918-1923 -- Delinquent youths and the moderate majority : the role of civilians in the records of the Crown Forces and Free State Army, 1918-1923 -- Crime, alcohol, travellers, and emigration : Republican policing in 1920 -- The development of the IRA's campaign against combatants and civilians in 1920 -- "... the Tans appeared to have gone absolutely mad". The Crown Forces and violence, 1920-1921 -- Ambushes, harassment, arson and spies and informers : IRA violence in 1921 -- Truce and Civil War -- Conclusion. 
520 |a This book is based on original research into intimidation and violence directed at civilians by combatants during the revolutionary in Ireland, considering this from the perspectives of the British, the Free State and the IRA. It combines qualitative and quantitative approaches and focuses on County Kerry which saw high levels of violence to demonstrate that violence and intimidation against civilians was more common than clashes between combatants. The study stresses the increasing brutality of violence by both the British and the IRA. The book is important reading for students and scholars of the Irish revolution, the social history of Ireland and interwar European violence. 
651 0 |a Ireland  |x History  |y 1910-1921. 
651 0 |a Ireland  |x History  |y Civil War, 1922-1923. 
650 0 |a Political violence  |z Ireland  |z Kerry  |x History  |y 20th century. 
650 0 |a Civilians in war  |z Ireland  |z Kerry  |x History  |y 20th century. 
650 0 |a Revolutions  |z Ireland  |x History  |y 20th century. 
830 0 |a Routledge studies in modern history ;  |v 82. 
945 |b 923012 
947 |a A14851629593 
948 |a cataloged  |b h  |c 2021/7/12  |d c  |e dmitchel  |f 8:20:10 am 
994 |a 92  |b TXA 
999 f f |s da390821-1094-328f-bbd0-c8a2258b4d8c  |i 2e8c31b2-2b64-3a44-8cf1-1b02c3d5666e  |t 0 
952 f f |p normal  |a Texas A&M University  |b College Station  |c Sterling C. Evans Library  |d Evans: Library Stacks  |t 0  |e DA962 .E2145 2021  |h Library of Congress classification  |i unmediated -- volume  |m A14851629593 
998 f f |a DA962 .E2145 2021  |t 0  |l Evans: Library Stacks